000 00366nam a2200145Ia 4500
001 23370
003 GE_BSU
008 181216s||||||||xx |||||||||||||| ||und||
040 _cGE_BSU
245 _aLe point, 6septembre №2401 2018
653 _aLe point, 6septembre №2401 2018
653 _aПериодика
653 _aპერიოდიკა
942 _cCR
999 _c56268
_d56268